| 000 | 01655nam a22002897a 4500 | ||
|---|---|---|---|
| 999 |
_c63168 _d63168 |
||
| 003 | Ge_BSU | ||
| 005 | 20250616115746.0 | ||
| 008 | 250616s2010 ge ||||| |||| 00| 0 geo d | ||
| 020 | _a9789994060900 | ||
| 041 | _ageo | ||
| 080 | _a332 : 338.43](075.8) კ-79 | ||
| 100 |
_aკოღუაშვილი, პაატა _925429 |
||
| 245 |
_aაგრარული საწარმოს ეკონომიკა : _b[სახელმძღვ.] / _c პაატა კოღუაშვილი, გიორგი ზიბზიბაძე; [სარედ. კოლ.: როზ. ასათიანი [და სხვ.]]. |
||
| 264 |
_aთბ. : _bსაარი, _c 2010. |
||
| 300 |
_a250 გვ. : _bცხრ., ნახ. ; _c 29 სმ. |
||
| 653 | _aაგრარული საკითხი. | ||
| 653 | _aსოფლის მეურნეობის ეკონომიკა | ||
| 700 |
_aზიბზიბაძე, გიორგი _e ავტორი _925430 |
||
| 700 |
_aასათიანი, როზ _eრედაქტორი _925431 |
||
| 700 |
_aკოღუაშვილი, პ. _eრედაქტორი _925432 |
||
| 700 |
_aკუნჭულია, თ. _eრედაქტორი _97282 |
||
| 700 |
_aსილაგაძე, ა. _eრედაქტორი _92410 |
||
| 700 |
_aრამიშვილი, ბ. _eრედაქტორი _925433 |
||
| 700 |
_aქეშელაშვილი, ო. _eრედაქტორი _925434 |
||
| 700 |
_aხარაიშვილი, ე. _eრედაქტორი _925435 |
||
| 942 |
_2udc _cᲬᲘᲒᲜᲘ |
||